| 000 | 01126cam a22003374i 4500 | ||
|---|---|---|---|
| 003 | PE-LiUPU | ||
| 005 | 20250731183355.0 | ||
| 008 | 161012s r 000 0 spa d | ||
| 020 | _a9786123028749 | ||
| 035 | _a(Sirsi) a164159 | ||
| 049 | _aPRUA | ||
| 082 | 0 | 4 |
_a709.048 _bR14 |
| 100 | 1 |
_aRada, Eduardo, _eautor. |
|
| 245 |
_aSuperarte : _bCoaching personal / _cEduardo Rada. |
||
| 264 |
_aLima : _bSan Marcos, _c2012. |
||
| 300 |
_a334 páginas ; _c24 centímetros. |
||
| 336 |
_text _2rdacontent |
||
| 337 |
_unmediated _2rdamedia |
||
| 338 |
_volume _2rdacarrier |
||
| 505 | 0 | _aTecnología -- Educación -- Autoconocimiento -- Profesión -- Comunicación. | |
| 526 | _aP158 | ||
| 526 | _aP146 | ||
| 526 | _aP17 | ||
| 526 | _aP12 | ||
| 526 | _aP06 | ||
| 650 | 0 | 4 | _aAsesoramiento personal |
| 596 | _a1 | ||
| 942 |
_2ddc _cBOOK |
||
| 999 |
_a709.048 R14 _wDEWEY _c13008 _i75175 _d13008 _e2017-11-14 _f2021-11-5 _g4 _lCCODEBUL1 _mBUL _n2 _r0 _sY _tBOOK _u2016-10-12 _xBIBLIOTECA _zUNKNOWN _0COMPRA _o.STAFF. Colección FACIHED |
||
| 980 |
_81 _gALBERTO SANCHEZ Responsable de Automatización |
||